00573nam a2200181Ia 4500001000500000003000500005005001700010008004100027010001100068040000900079100003000088245011200118260003500230300001000265650003200275650002400307700006000331Z_13CHAP20220920192948.0220113s1980 xx 000 0 und d a162979 cCHAP aSitjar Rousserie, Gabriel aSubsector carne y derivados /cGabriel Sitjar Rousserie, Carlos Paulino Franco, y Maite Guijarro Arrillaga aMéxico, D. F. :bSAM,c1980 a64 h. aCarnexIndustriaxMéxico  aCarnexSubproductos aI. Paulino Franco, Carlos II. Guijarro Arrillaga, Maite